History Quiz

Random History Quiz
Score 0/90 Timer 15:00
0 Plays Today
Year of First Flight Answer % Correct
1974F-16 Fighting Falcon
91.4%
1972F-15 Eagle
90.8%
1997F-22 Raptor
88.9%
1978F/A-18 Hornet
88.8%
1955MiG-21
87.1%
1970F-14 Tomcat
86.9%
1958F-4 Phantom II
85.4%
1947MiG-15
84.2%
1977MiG-29 Fulcrum
84%
1955F-8 Crusader
81.6%
1964MiG-25 Foxbat
81.6%
1977Su-27 Flanker
80.9%
1950Mig-17
80.5%
1967MiG-23 Flogger
78.7%
1947F-86 Sabre
78.6%
1954F-11 Tiger
77.8%
1953MiG-19
75.1%
1959F-5
74.8%
1994Typhoon
73.8%
1979Tornado
71.5%
1975MiG-31 Foxhound
69.9%
1993AV-8B Harrier II
67.6%
1953F-100 Super Sabre
66.7%
1954F-104 Starfighter
66.4%
1966Su-17
65.1%
1955F-105 Thunderchief
64.4%
1951F-9 Cougar
63.9%
1954Lightning
62.4%
1954F-101 Voodoo
61.1%
1953F-102 Delta Dagger
59%
Year of First Flight Answer % Correct
1978Mirage 2000
59%
1966Viggen
58.9%
1944P-80 Shooting Star
58.3%
1956F-106 Delta Dart
58.1%
1946MiG-9
57.2%
1988JAS 39 Gripen
56.7%
1962SU-15
56.6%
1946Yak-15
55.7%
1951Hunter
55.7%
1955Draken
53.4%
1958Su-11
53%
1957Su-9
52.7%
1986Rafale
52.7%
1946F-84 Thunderjet
51.3%
1947Yak-17
50%
1950F-84 Thunderstreak
48.1%
1956Mirage III
47.6%
1947Yak-23
46.5%
1995F/A-18 E/F Super Hornet
45.1%
1966Mirage F1
43.4%
1971Yak-38 Forger
43%
1952Yak-25
41.9%
1973Kfir
41.7%
1949Venom
40.4%
1966J-7 Airguard
40.4%
1947F9F Panther
40.4%
1960Yak-28
40.3%
1986F-15E Strike Eagle
40.3%
1951Mystere
40%
1951FJ-2 Fury
39.3%
Year of First Flight Answer % Correct
1956J-5
38.5%
1948F-89 Scorpion
37.4%
1967J-8
37%
1967Mirage 5
36.4%
1951Sea Vixen
36%
1949F-94 Starfire
35.7%
1958J-6
35.6%
1947F2H Banshee
35.2%
1948La-15
34.3%
1951Javelin
33.1%
1956Super Mystere
32.9%
1948Swift
32.7%
1961Tu-28
31.6%
1956G.91
30.5%
1948Tunnan
30%
1948F7U Cutlass
29.9%
1951F3H Demon
29.8%
1946Attacker
29.6%
1950CF-100 Canuck
29.4%
1952Lansen
28.7%
1949Ouragan
28.6%
1951Sea Venom
28.6%
1954FJ-4 Fury
28.4%
1951F4D Skyray
25.8%
1947Sea Hawk
24.4%
1948F3D Skyknight
23.7%
1989F-CK-1 Ching-kuo
22.8%
1952Mystere IV
21.3%
1961HF-24 Marut
21%
1988JH-7
16.6%
Remove Ads.
Support Sporcle.
Get the best of Sporcle when you Go Orange. This ad-free experience offers more features, more stats, and more fun while also helping to support Sporcle. Thank you for becoming a member.

You're not logged in!

Compare scores with friends on all Sporcle quizzes.
OR
Log In

Show Comments

Extras

Top Quizzes Today


Score Distribution

Your Account Isn't Verified!

In order to create a playlist on Sporcle, you need to verify the email address you used during registration. Go to your Sporcle Settings to finish the process.

Report this User

Report this user for behavior that violates our Community Guidelines.

Details: